| 000 | 00354nam a2200133Ia 4500 | ||
|---|---|---|---|
| 999 |
_c21352 _d21352 |
||
| 082 | _a304.6 MIS-; | ||
| 100 | _aMisra, Bhaskar D. | ||
| 245 | 0 | _aStudy of popluation: an introduction to the | |
| 260 |
_aNew Delhi _bSouth Asian Publishers _c1982 |
||
| 300 | _a360p. | ||
| 650 | _aDemography | ||
| 650 | _aIndia - Population - Statistics | ||
| 942 |
_cRP _2ddc |
||